MARC

LEADER 00000nam0a2200000 4500
001 307776
005 20231102002027.0
035 |a (RuTPU)RU\TPU\book\333081 
090 |a 307776 
100 |a 20151026d1981 km y0rusy50 ca 
101 0 |a rus 
102 |a RU 
105 |a a z 001zb 
200 1 |a Алексей Зубов (1682-1750)  |f М. С. Лебедянский 
210 |a Ленинград  |c Художник РСФСР  |d 1981 
215 |a 72 с.  |c ил. 
225 1 |a Массовая библиотека по искусству 
320 |a Список иллюстраций: с. 71-72 
600 1 |a Зубов  |b А. Ф.  |c русский гравер  |f 1682- после 1750  |g Алексей Федорович  |2 stltpush  |3 (RuTPU)RU\TPU\pers\22350  |9 9511 
606 1 |a Граверы  |2 stltpush  |3 (RuTPU)RU\TPU\subj\8408  |9 35823 
610 1 |a изобразительное искусство 
610 1 |a графика 
610 1 |a графическое искусство 
610 1 |a художники 
610 1 |a Россия 
610 1 |a история 
610 1 |a 17 век 
610 1 |a 18 век 
675 |a 76.071  |v 4 
700 1 |a Лебедянский  |b М. С.  |g Михаил Сергеевич 
801 1 |a RU  |b 63413507  |c 20151026 
801 2 |a RU  |b 63413507  |c 20191028  |g RCR 
942 |c BK